000 00383nam a22001697a 4500
999 _c5144
_d5142
005 20210906114757.0
008 160702b xxu||||| |||| 00| 0 eng d
020 _a978-93-81237-93-9
041 _aeng
082 _b20840
100 _aPathak, B.V.
_93442
245 _aEnglish
260 _bNiroli Prakashan
_c2011
300 _a4.4
650 _aManagement
_9241
942 _cBK